| 000 | 00888cam3a220026500 4500 | ||
|---|---|---|---|
| 001 | lce00606522 | ||
| 008 | 740606s1968 iluaf b 000 0 eng | ||
| 010 | _a 67021777 | ||
| 035 | _a(Sirsi) r70712 | ||
| 035 | _a(DLC) 67021777 | ||
| 035 | _a(UPRA)lce00606522 | ||
| 040 | _dUPRA | ||
| 041 | 1 |
_aeng und _heng und |
|
| 050 | 0 |
_aRL321 _b.S53 |
|
| 082 | _a616.5/26 | ||
| 100 | 1 |
_aSidi, Edwin. _6A31787.1 |
|
| 245 | 1 | 0 |
_aPsoriasis / _ccompiled and edited by Edwin Sidi, Zenona W. Zagula-Mally [and] Marc Hincky ; translation by Zenona W. Zagula-Mally ; with a foreword by Marion B. Sulzberger. |
| 260 |
_aSpringfield, IL : _bThomas, _c[1968] |
||
| 504 | _aIncludes bibliographies. | ||
| 650 | 0 |
_aPsoriasis. _6S23713.1 |
|
| 700 | 2 |
_aZagula-Mally, Zenona W. _6A31788.1 |
|
| 700 | 1 |
_aHincky, Marc. _6A31789.1 |
|
| 949 |
_aRL321 _wLC _i-95689 _mMEDICAL _tBOOK _lON-SHELF |
||
| 004 | 70712 | ||
| 999 |
_c56691 _d56691 |
||